| 000 | 00858nam a2200241Ia 4500 | ||
|---|---|---|---|
| 003 | GCL | ||
| 008 | 140319s9999 xx 000 0 ara d | ||
| 040 |
_aGCL / _cGCL |
||
| 082 | 0 | 4 |
_a720 _bع ع |
| 100 | 1 | _aعفيف البهنسى | |
| 245 | 1 | 0 |
_aالعمارة العربية : _bالجمالية والوحدة والتنوع / _cعفيف البهنسى |
| 260 |
_aالمغرب : _bالمجلس القومى للثقافة العربية |
||
| 300 |
_a256 ص ؛ _c28 سم |
||
| 650 | 0 | 4 | _aالعمارة الاسلامية |
| 650 | 0 | 4 | _aالعمارة |
| 650 | 0 | 4 | _aالعمارة الحديثة |
| 650 | 0 | 4 | _aالقصور الاسلامية |
| 650 | 0 | 4 | _aالزخرفة المعمارية |
| 650 | 0 | 4 | _aالعمارة القديمة |
| 650 | 0 | 4 | _aالعمارة - تصميمات |
| 650 | 0 | 4 | _aالعمارة المغربية |
| 942 |
_2ddc _cBK |
||
| 999 |
_c9532 _d9532 |
||